National Assembly Library of Thailand

กฐินพระราชทานของวุฒิสภา พุทธศักราช 2567 ณ วัดบุรณศิริมาตยาราม เขตพระนคร กรุงเทพมหานคร วันพฤหัสบดีที่ 7 พฤศจิกายน 2567 / (ระเบียนเลขที่ 107520)

รายละเอียดในรูปแบบ MARC
000 -LEADER
fixed length control field 02450nam a2200253 4500
003 - CONTROL NUMBER IDENTIFIER
control field NALT
005 - DATE AND TIME OF LATEST TRANSACTION
control field 20251126090152.0
008 - FIXED-LENGTH DATA ELEMENTS--GENERAL INFORMATION
fixed length control field 251119b th ||||| |||| 00| 0 tha d
040 ## - CATALOGING SOURCE
Original cataloging agency NALT
086 ## - GOVERNMENT DOCUMENT CLASSIFICATION NUMBER
Classification number สว 02 8.2 328.31 2567
110 2# - MAIN ENTRY--CORPORATE NAME
Corporate name or jurisdiction name as entry element สำนักงานเลขาธิการวุฒิสภา.
Subordinate unit สำนักประชาสัมพันธ์.
-- กลุ่มงานผลิตเอกสารเผยแพร่
9 (RLIN) 28891
245 10 - TITLE STATEMENT
Title กฐินพระราชทานของวุฒิสภา พุทธศักราช 2567 ณ วัดบุรณศิริมาตยาราม เขตพระนคร กรุงเทพมหานคร วันพฤหัสบดีที่ 7 พฤศจิกายน 2567 /
Statement of responsibility, etc. กลุ่มงานผลิตเอกสารเผยแพร่ สำนักประชาสัมพันธ์ สำนักงานเลขาธิการวุฒิสภา,
260 ## - PUBLICATION, DISTRIBUTION, ETC.
Place of publication, distribution, etc. กรุงเทพฯ :
Name of publisher, distributor, etc. สำนักการพิมพ์ สำนักงานเลขาธิการวุฒิสภา,
Date of publication, distribution, etc. 2567.
300 ## - PHYSICAL DESCRIPTION
Extent 62 หน้า :
Other physical details ภาพประกอบ ;
Dimensions 21 ซม.
520 0# - SUMMARY, ETC.
Summary, etc. ประวัติวัดบุรณศิริมาตยาราม --<br/>ลำดับเจ้าอาวาสวัดบุรณศิริมาตยาราม --<br/>ประวัติเจ้าอาวาสวัดบุรณศิริมาตยาราม --<br/>ประธานวุฒิสภา และรองประธานวุฒิสภา --<br/>หน้าที่และอำนาจของวุฒิสภา ตามรัฐธรรมนูญแห่งราชอาณาจักรไทย พุทธศักราช 2560 --<br/>บทสวดมนต์และคำถวายทานต่าง ๆ.
600 04 - SUBJECT ADDED ENTRY--PERSONAL NAME
Personal name พระเทพวชิรดิลก
General subdivision ชีวประวัติ
9 (RLIN) 67075
610 24 - SUBJECT ADDED ENTRY--CORPORATE NAME
Corporate name or jurisdiction name as entry element วัดบุรณศิริมาตยาราม
General subdivision ประวัติ
9 (RLIN) 67076
650 #4 - SUBJECT ADDED ENTRY--TOPICAL TERM
Topical term or geographic name entry element กฐินและผ้าป่า
9 (RLIN) 3355
942 ## - ADDED ENTRY ELEMENTS (KOHA)
Source of classification or shelving scheme Local Classification
Koha item type Parliamentary Publication
996 ## - STAFF PROCESSING RECORDS (NALT)
Staff name bkk407106
Staff type ACQSTF
Acquisition or Cataloging date 2025-11-20
996 ## - STAFF PROCESSING RECORDS (NALT)
Staff name varee.k
Staff type LIBSTF
Acquisition or Cataloging date 2025-11-21
996 ## - STAFF PROCESSING RECORDS (NALT)
Staff name jamriang.p
Staff type CATSTF
Acquisition or Cataloging date 2025-11-25
998 ## - STAFF NAME (NALT)
-- 1020
-- นางจำเรียง ระวังสำโรง
รายการที่มีในห้องสมุด
Withdrawn status Lost status Source of classification or shelving scheme Damaged status Not for loan Collection code Home library Current library Shelving location Date acquired Source of acquisition Total Checkouts Full call number Barcode Date last seen Price effective from Koha item type
    Local Classification     Parliamentary Publications Collection National Assembly Library of Thailand National Assembly Library of Thailand Parliamentary Publications Shelves 19/11/2025 หน่วยงานภาครัฐ   สว 02 8.2 328.31 2567 3961215936 19/11/2025 19/11/2025 Parliamentary Publication
หอสมุดรัฐสภา
สำนักงานเลขาธิการสภาผู้แทนราษฎร เลขที่ 1111 ถนนสามเสน แขวงถนนนครไชยศรี เขตดุสิต กรุงเทพฯ 10300
The Secretariat of the House of Representatives 1111 Samsen Road, Thanon Nakhon Chai Si, Dusit, Bangkok 10300, THAILAND
โทรศัพท์: +66(0) 2242 5900 ต่อ 5714-5 โทรสาร: +66(0) 2242 5990 อีเมล: [email protected]